1055 1930 1772 1775 1173 1957 1879 1351 1761 1319 1692 1411 1936 1737 1500 1131 1743 1248 1116 1956 1813 1429 1219 1473 1150 1342 1987 1022 1717 1808 1599 1773 1000 1856 1042 1406 1724 1546 1616 1924 1812 1607 1017 1719 1387 1953 1465 1328 1746 1583 1996 1643 1825 1663 1209 1206 1851 1818 1443 1604 1063 1817 1280 1995 1329 1814 1567 1044 1647 1833 1293 1877 1853 1012 1231 1125 1172 1823 1087 1478 1395 1741 1750 1354 1493 1253 1226 1930 1825 1374 1558 1351 1442 1182 1992 1946 1954 1348 1473 BCNSPRNW ULIB Ver.6.0+V

เปลี่ยนเป็นภาษาไทย

Change to English
 แสดงรายละเอียดบรรณานุกรม
  กลับหน้าหลัก

Brief Record : Get Marc (ISO 2709) : E-mail record : QR code < ปิดหน้าต่าง
LEADER : 00000nam 2200000uu 4500
001    13399122454
003     ULIB
008    020711s2553 th a 000 0 tha d
020    9786169058397
090    นว.^bช271ห
100    ชลการณ์
110    บีไมน์
245    หมากรักเกมใจ ไฟริษยา /^bชลการณ์
250    พิมพ์ครั้งที่ 1
260    กรุงเทพฯ :^bบีไมน์,^c2553
300    264 หน้า
945    ^p175^l0^i19950
999    ^aทศพร เกษรทอง
รายการนี้ยังไม่มีแท็ก
คุณยังไม่ได้ล็อกอิน คุณสามารถมีกิจกรรมร่วมกับเว็บไซต์ได้ แต่ต้องล็อกอินก่อน ::
  ล็อกอิน

รายการสื่อสารสนเทศ

ลำดับที่ ประเภท เลขเรียก/บาร์โค้ด สถานที่ สถานะ
1. นวนิยาย
นวนิยาย
นว. ช271ห  
  Barcode: 19950
ห้องสมุดวิทยาเขตสวรรค์ประชารักษ์
►นวนิยาย
บนชั้น
  ขอยืม

BibComment


ยังไม่เคยถูกคอมเมนท์

คอมเมนท์ทรัพยากรรายการนี้
  คอมเมนท์: หมากรักเกมใจ ไฟริ..


 Copyright 2026. Bcnsprnw @Library